[Event "POL-chT U20 2nd League"]
[Site "Sypniewo"]
[Date "2025.06.19"]
[Round "2.100"]
[White "Gancarz, Michal"]
[Black "Lapczynska, Joanna"]
[Result "0-1"]
[WhiteElo "1570"]
[BlackElo "1546"]
[PlyCount "76"]
[EventDate "2025.06.18"]
[EventType "team-swiss"]
[EventRounds "9"]
[EventCountry "POL"]
[SourceTitle "CB27_2025"]
[SourceDate "2025.07.02"]
[SourceVersion "1"]
[SourceVersionDate "2025.07.02"]
[SourceQuality "1"]
[WhiteTeam "Gubina CC"]
[BlackTeam "Wieliczka II"]
[WhiteTeamCountry "POL"]
[BlackTeamCountry "POL"]

1. e4 c5 2. Nf3 d6 3. d4 cxd4 4. Nxd4 Nf6 5. Nc3 g6 6. Be3 Bg7 7. Qd2 Ng4 8. Bb5+ Bd7 9. 0-0-0 Nxe3 10. Qxe3 Bxb5 11. Ndxb5 Nc6 12. h4 a6 13. Na3 b5 14. Nd5 Ne5 15. h5 Rc8 16. h6 Bf8 17. Qb6 Qxb6 18. Nxb6 Rc6 19. Nd5 Ng4 20. Rhf1 Bxh6+ 21. Kb1 Ne5 22. Nb4 Rb6 23. Nd5 Rb7 24. f4 Nc6 25. g4 Bg7 26. c3 b4 27. cxb4 Nxb4 28. b3 Nxd5 29. Rxd5 Rc7 30. Rfd1 0-0 31. e5 dxe5 32. fxe5 Rfc8 33. Rd8+ Bf8 34. Rxc8 Rxc8 35. Rd7 f5 36. exf6 exf6 37. Ra7 Bxa3 38. Rxa6 Rc1# 0-1